000 00500nam a22001937a 4500
005 20260331160940.0
008 260331b |||||||| |||| 00| 0 eng d
020 _a9789356064768
041 _aeng
082 _a337
_bKRU B23018
100 _aKrugman P R
_9217506
245 _aInternational Economics - Theory And Policy
250 _a12th Ed.
260 _aNoida
_bPearson India
_c2023
300 _a811p
500 _aInternational economics
700 _aObstfeld M
_9217507
942 _cBK
999 _c370841
_d370841